000 01331nam a22003497a 4500
003 CHAP
005 20220329135959.0
008 971013s1983 mx a r 00010 spa d
010 _a45059
011 _a46031
020 _a9685806055
035 _a50171
040 _cCHAP
082 _a510
_bU54
110 _aUniversidad Nacional Autónoma de México. Colegio de Ciencias y Humanidades
_9116502
245 1 0 _aAntología de matemáticas
_c/por UNAM. Colegio de Ciencias y Humanidades
260 _aMéxico, D.F. :
_bLa Universidad,
_c[1971,1983]
300 _av.
490 0 _aLecturas universitarias
_v; 7, 8
500 _aLa biblioteca tiene: v.1 Introducción história, v.2 Desarrollo actual y aplicaciones
590 _aBATCH-UPD
_b10
_c20130110
_lUCH01
_h1018
590 _aBATCH-UPD
_b10
_c20130410
_lUCH01
_h0625
590 _aBATCH-UPD
_b10
_c20130914
_lUCH01
_h1718
590 _aCONVERSION
_b10
_c20130109
_lUCH01
_h1325
650 1 4 _aMatemáticas.
_972901
830 0 _aLecturas universitarias
_v; 7, 8
_965518
901 _aBK
942 _cLIBRO
949 _a510 U54
_bBC
_cLIBRO
_d33724000412607
_eLIBRO
_fv.1 c.2
_gI.c/e
_h69364
_i50171
_si
949 _a510 U54
_bBC
_cLIBRO
_d33724000916185
_eLIBRO
_fv.1
_gI.c/e
_h69363
_i50171
_si
949 _a510 U54
_bBC
_cLIBRO
_d33724002236108
_eLIBRO
_fv.2
_gDonaciØn
_h114296
_i50171
_sb
999 _c45059
_d45059